Sports Quiz

Random Sports or Basketball Quiz

Starting Centers for Seattle Sonics Post-Sikma Quiz Stats

 Plays Quiz not verified by Sporcle

Challenge
Share
Tweet
Embed
Score 0/17 Timer 10:00
0 Plays Today
% Correct
Ervin Johnson
57.5%
Jim McIlvaine
52.5%
Benoit Benjamin
52.5%
Robert Swift
47.5%
Jerome James
35%
Johan Petro
35%
Calvin Booth
35%
Rich King
12.5%
Vitaly Potapenko
10%
% Correct
Olumide Oyedeji
7.5%
Predrag Drobnjak
5%
Jelani McCoy
5%
Bill Cartwright
5%
Vladimir Stepania
2.5%
Mikki Moore
2.5%
Andreas Glyniadakis
0%
Francisco Elson
0%

You're not logged in!

Compare scores with friends on all Sporcle quizzes.
Join for Free
OR
Log In

You Might Also Like...

Show Comments

Extras

Top Quizzes Today


Score Distribution

Your Account Isn't Verified!

In order to create a playlist on Sporcle, you need to verify the email address you used during registration. Go to your Sporcle Settings to finish the process.

Report this User

Report this user for behavior that violates our Community Guidelines.

Details: